000 00327nam a2200133Ia 4500
008 150201s2007 xx 000 0 und d
082 _a610.07
_bA07K
100 _aKLATT,EDWARD C
245 _aROBBINS & COTTRON ATLAS OF PATHOLOGY
250 _a1ST
260 _bELSEVIER
_aDELHI
_c2007
650 _aPATHOLOGY
942 _2ddc
_cBK
999 _c1172
_d1172